| 000 | 02210cam a22004454a 4500 | ||
|---|---|---|---|
| 001 | 13234694 | ||
| 003 | SISC | ||
| 005 | 20160404094737.0 | ||
| 008 | 030611s2004 mnua c b 001 0 eng | ||
| 010 | _a 2003012551 | ||
| 020 | _a0736824650 (hardcover) | ||
| 040 |
_aDLC _cDLC _dDLC |
||
| 042 |
_apcc _alcac |
||
| 043 |
_an------ _an-us--- _af------ |
||
| 050 | 0 | 0 |
_aHT 1049 _b.K29 2004 |
| 082 | 0 | 0 | _a306.3/62/0973 |
| 100 | 1 |
_aThoennes Keller, Kristin. _910282 |
|
| 245 | 1 | 4 |
_aThe slave trade in early America / _cby Kristin Thoennes Keller ; consultant, Cynthia Neverdon-Morton. |
| 260 |
_aMankato, Minn. : _bCapstone Press, _cc2004. |
||
| 300 |
_a48 p. : _bill. (some col.) ; _c23 cm. |
||
| 440 | 0 |
_aLet freedom ring _910148 |
|
| 504 | _aIncludes bibliographical references (p. 45) and index. | ||
| 505 | 0 | _aAn introduction to the slave trade -- Slavery in Africa -- The middle passage -- Arriving in the new world -- The slave trade in early America -- The effects of the slave trade. | |
| 520 | _aFollows the slave trade from its beginnings in the fifteenth century to its abolishment after the Civil War, and describes slavery's impact on the people bought and sold. | ||
| 650 | 0 |
_aSlave trade _zAmerica _xHistory _vJuvenile literature. _910283 |
|
| 650 | 0 |
_aSlave trade _zAfrica _xHistory _vJuvenile literature. _910284 |
|
| 650 | 0 |
_aSlavery _zUnited States _xHistory _vJuvenile literature. _910285 |
|
| 650 | 1 |
_aSlave trade _xHistory. _910286 |
|
| 650 | 1 |
_aSlave trade _zAfrica _xHistory. _910287 |
|
| 650 | 1 |
_aSlavery _xHistory. _910288 |
|
| 651 | 0 |
_aUnited States _xHistory _yColonial period, ca. 1600-1775 _vJuvenile literature. _910289 |
|
| 651 | 1 |
_aUnited States _xHistory _yColonial period, ca. 1600-1775. _910290 |
|
| 651 | 1 |
_aUnited States _xHistory _y1783-1865. _910291 |
|
| 856 | 4 | 1 |
_3Table of contents _uhttp://www.loc.gov/catdir/toc/ecip044/2003012551.html |
| 906 |
_a7 _bcbc _corignew _d1 _eecip _f20 _gy-gencatlg |
||
| 942 |
_2lcc _cBK |
||
| 999 |
_c8578 _d8578 |
||